Tao přírody : Znovuzrození posvátnosti přírody ve vědě. Z angl.orig /

Gespeichert in:
Bibliographische Detailangaben
1. Verfasser: Sheldrake, Rupert (Verfasst von)
Format: Buch
Sprache:Tschechisch
Veröffentlicht: Bratislava : GARDENIA, 1994
Tags: Tag hinzufügen
Keine Tags, Fügen Sie das erste Tag hinzu!

MARC

LEADER 00000nam a22000003a 4500
001 stu22977
005 20150617225746.2
008 941213s1994----cs------------------cze-d
020 |a 80-85662-10-8 
040 |a STU  |b slo 
041 0 |a cze 
044 |a cs 
080 |a 712 
080 |a 113/125 
100 1 |a Sheldrake, Rupert  |4 aut 
245 1 |a Tao přírody :  |b Znovuzrození posvátnosti přírody ve vědě. Z angl.orig /  |c [aut.]Sheldrake,Rupert 
260 |a Bratislava :  |b GARDENIA,  |c 1994 
300 |a 225 s :  |b Literatúra 
996 |b C93388  |c C*93388  |l CCXII  |s P  |a 0  |w stu22977_0001